Statistiques concernant Villes avec plusieurs gares RER

Cliquez ici pour prendre le quiz!

Statistiques générales

  • Ce quiz a été pris 797 fois
  • Le résultat moyen est 18 sur 46

Statistiques - réponses

Nombre de garesVille% Correct
29Paris
99%
3Saint-Denis
79%
3Nanterre
76%
2Massy
73%
3Cergy
71%
3Versailles
71%
3Évry-Courcouronnes
64%
6Antony
61%
2Fontenay-sous-Bois
58%
3Noisy-le-Grand
58%
3Palaiseau
55%
4Saint-Maur-des-Fossés
50%
3Corbeil-Essonnes
48%
2Sevran
48%
2Orly
44%
2Saint-Ouen-l'Aumône
41%
2Sceaux
40%
2Vitry-sur-Seine
40%
2Issy-les-Moulineaux
39%
2Saint-Germain-en-Laye
39%
2Villeneuve-Saint-Georges
39%
2Cachan
37%
3Villepinte
36%
2Étampes
35%
2Rosny-sous-Bois
35%
2Le Vésinet
34%
2Mitry-Mory
34%
2Orsay
34%
2Nogent-sur-Marne
33%
2Dourdan
32%
2Gif-sur-Yvette
30%
2Gagny
29%
2Orry-la-Ville
27%
3Ris-Orangis
27%
2Épinay-sur-Orge
25%
2Bures-sur-Yvette
23%
2Gennevilliers
23%
2Ermont
22%
2Goussainville
20%
2Viroflay
19%
2Longjumeau
15%
2Breuillet
14%
2Bièvres
12%
2Saint-Fargeau-Ponthierry
10%
2Le Coudray-Montceaux
8%
2Lardy
7%

Distribution des résultats

Percentile par nombre de réponses

% des personnes avec chaque résultat

Votre développement - résultats

Vous n’avez pas pris ce quiz